The man who had been King : (Record no. 92464)
[ view plain ]
| 000 -LEADER | |
|---|---|
| fixed length control field | 01846nam a2200397 i 4500 |
| 001 - CONTROL NUMBER | |
| control field | ebr10833821 |
| 003 - CONTROL NUMBER IDENTIFIER | |
| control field | CaPaEBR |
| 006 - FIXED-LENGTH DATA ELEMENTS--ADDITIONAL MATERIAL CHARACTERISTICS--GENERAL INFORMATION | |
| fixed length control field | m o d |
| 007 - PHYSICAL DESCRIPTION FIXED FIELD--GENERAL INFORMATION | |
| fixed length control field | cr cn||||||||| |
| 008 - FIXED-LENGTH DATA ELEMENTS--GENERAL INFORMATION | |
| fixed length control field | 140212t20052005pauab ob 001 0deng d |
| 020 ## - INTERNATIONAL STANDARD BOOK NUMBER | |
| Cancelled/invalid ISBN | 9780812238723 |
| International Standard Book Number | 9780812290424 (e-book) |
| 040 ## - CATALOGING SOURCE | |
| Original cataloging agency | CaPaEBR |
| Language of cataloging | eng |
| Description conventions | rda |
| -- | pn |
| Transcribing agency | CaPaEBR |
| 035 ## - SYSTEM CONTROL NUMBER | |
| System control number | (OCoLC)874157967 |
| 043 ## - GEOGRAPHIC AREA CODE | |
| Geographic area code | n-us--- |
| 050 14 - LIBRARY OF CONGRESS CALL NUMBER | |
| Classification number | DC216.5 |
| Item number | .S77 2005eb |
| 082 04 - DEWEY DECIMAL CLASSIFICATION NUMBER | |
| Classification number | 944.05/092 |
| Edition number | 22 |
| 100 1# - MAIN ENTRY--PERSONAL NAME | |
| Personal name | Stroud, Patricia Tyson. |
| 245 14 - TITLE STATEMENT | |
| Title | The man who had been King : |
| Remainder of title | the American exile of Napoleon's brother Joseph / |
| Statement of responsibility, etc | Paticia Tyson Stroud. |
| 264 #1 - PRODUCTION, PUBLICATION, DISTRIBUTION, MANUFACTURE, AND COPYRIGHT NOTICE | |
| Place of production, publication, distribution, manufacture | Philadelphia, Pennsylvania : |
| Name of producer, publisher, distributor, manufacturer | University of Pennsylvania Press, |
| Date of production, publication, distribution, manufacture, or copyright notice | 2005. |
| Date of production, publication, distribution, manufacture, or copyright notice | �2005 |
| 300 ## - PHYSICAL DESCRIPTION | |
| Extent | 1 online resource (292 pages) : |
| Other physical details | illustrations (some color), maps |
| 336 ## - CONTENT TYPE | |
| Content type term | text |
| Source | rdacontent |
| 337 ## - MEDIA TYPE | |
| Media type term | computer |
| Source | rdamedia |
| 338 ## - CARRIER TYPE | |
| Carrier type term | online resource |
| Source | rdacarrier |
| 504 ## - BIBLIOGRAPHY, ETC. NOTE | |
| Bibliography, etc | Includes bibliographical references and index. |
| 588 ## - SOURCE OF DESCRIPTION NOTE | |
| Source of description note | Description based on print version record. |
| 590 ## - LOCAL NOTE (RLIN) | |
| Local note | Electronic reproduction. Palo Alto, Calif. : ebrary, 2014. Available via World Wide Web. Access may be limited to ebrary affiliated libraries. |
| 600 00 - SUBJECT ADDED ENTRY--PERSONAL NAME | |
| Personal name | Joseph Bonaparte, |
| Titles and other words associated with a name | King of Spain, |
| Dates associated with a name | 1768-1844 |
| General subdivision | Exile |
| Geographic subdivision | United States. |
| Personal name | Napoleon |
| Numeration | I, |
| Titles and other words associated with a name | Emperor of the French, |
| Dates associated with a name | 1769-1821 |
| General subdivision | Family. |
| 651 #0 - SUBJECT ADDED ENTRY--GEOGRAPHIC NAME | |
| Geographic name | Spain |
| General subdivision | Kings and rulers |
| Form subdivision | Biography. |
| 655 #0 - INDEX TERM--GENRE/FORM | |
| Genre/form data or focus term | Electronic books. |
| 776 08 - ADDITIONAL PHYSICAL FORM ENTRY | |
| Display text | Print version: |
| Main entry heading | Stroud, Patricia Tyson. |
| Title | Man who had been King : the American exile of Napoleon's brother Joseph. |
| Place, publisher, and date of publication | Philadelphia, Pennsylvania : University of Pennsylvania Press, c2005 |
| Physical description | xii, 269 pages |
| International Standard Book Number | 9780812238723 |
| Record control number | 2004061162 |
| 797 2# - LOCAL ADDED ENTRY--CORPORATE NAME (RLIN) | |
| Corporate name or jurisdiction name as entry element | ebrary. |
| 856 40 - ELECTRONIC LOCATION AND ACCESS | |
| Uniform Resource Identifier | <a href="http://site.ebrary.com/lib/rucke/Doc?id=10833821">http://site.ebrary.com/lib/rucke/Doc?id=10833821</a> |
| Public note | An electronic book accessible through the World Wide Web; click to view |
No items available.
